Bell's Brewing: Beer Brands Quiz Stats

 Plays Quiz not verified by Sporcle

Challenge
Share
Tweet
Embed
Score 0/19 Timer 05:00
0 Plays Today
% Correct
Two Hearted Ale
81.6%
Oberon Ale
52.6%
Kalamazoo Stout
50%
Expedition Stout
50%
Porter
42.1%
Amber Ale
42.1%
Pale Ale
36.8%
Hopslam Ale
36.8%
Best Brown Ale
31.6%
Cherry Stout
31.6%
% Correct
Java Stout
28.9%
Winter White Ale
26.3%
Third Coast Old Ale
23.7%
Third Coast Beer
18.4%
Special Double Cream Stout
15.8%
Hell Hath No Fury ... Ale
10.5%
Octoberfest Beer
10.5%
Lager Beer
5.3%
Consecrator Doppelbock Beer
2.6%

You're not logged in!

Compare scores with friends on all Sporcle quizzes.
OR
Log In

You Might Also Like...

Show Comments

Extras

Created May 16, 2010ReportNominate
Tags:beer, bell, brand, brewing

Top Quizzes Today


Score Distribution

Your Account Isn't Verified!

In order to create a playlist on Sporcle, you need to verify the email address you used during registration. Go to your Sporcle Settings to finish the process.

Report this User

Report this user for behavior that violates our Community Guidelines.

Details: